[Event "WYCC 2018 O14"]
[Site "Halkidiki"]
[Date "2018.10.28"]
[Round "9"]
[White "Stremavicius, Pijus"]
[Black "Vitenberg, Noam Aviv"]
[Result "1/2-1/2"]
[WhiteElo "2024"]
[BlackElo "2175"]
[Annotator "NA"]
[PlyCount "88"]
[EventDate "2018.10.20"]
[EventType "swiss"]
[EventCountry "GRE"]
[SourceTitle "playchess.com"]
[Source "ChessBase"]
[SourceQuality "1"]
[TimeControl "40/5400+30:1800+30"]

1. d4 {[%emt 0:00:00]} d5 {[%emt 0:00:00]} 2. Nf3 {[%emt 0:00:01]} Nf6 {[%emt 0:00:00]} 3. c4 {[%emt 0:00:16]} e6 {[%emt 0:00:00]} 4. g3 {[%emt 0:00:31]} dxc4 {[%emt 0:00:25]} 5. Bg2 {[%emt 0:00:03]} a6 {[%emt 0:00:13]} 6. Ne5 {[%emt 0:00:20]} Bb4+ {[%emt 0:00:11]} 7. Nc3 {[%emt 0:00:02]} Nd5 {[%emt 0:00:47]} 8. Bd2 {[%emt 0:00:07]} Nb6 {[%emt 0:01:41]} 9. e3 {[%emt 0:00:25]} Bd6 {[%emt 0:06:46]} 10. Nf3 {[%emt 0:02:05]} O-O {[%emt 0:01:25]} 11. O-O {[%emt 0:00:57]} N8d7 {[%emt 0:11:04]} 12. Qc2 {[%emt 0:02:06]} e5 {[%emt 0:03:40]} 13. Ne4 {[%emt 0:02:34]} Re8 {[%emt 0:13:33]} 14. Nxd6 {[%emt 0:06:37]} cxd6 {[%emt 0:00:12]} 15. dxe5 {[%emt 0:00:09]} dxe5 {[%emt 0:09:11]} 16. Ba5 {[%emt 0:02:15]} Qe7 {[%emt 0:00:40]} 17. a3 {[%emt 0:02:34]} Qc5 {[%emt 0:16:59]} 18. Bb4 {[%emt 0:00:23]} Qb5 {[%emt 0:01:05]} 19. Rfc1 {[%emt 0:02:37]} a5 {[%emt 0:06:46]} 20. Bd6 {[%emt 0:11:55]} Ra6 {[%emt 0:03:51]} 21. a4 {[%emt 0:11:02]} Nxa4 {[%emt 0:10:02]} 22. Rxa4 {[%emt 0:02:31]} Rxd6 {[%emt 0:00:55]} 23. Rxc4 {[%emt 0:00:04]} Nb6 {[%emt 0:02:36]} 24. Rc5 {[%emt 0:00:05]} Qb4 {[%emt 0:00:39]} 25. Rxe5 {[%emt 0:03:58]} Red8 {[%emt 0:02:42]} 26. Nd4 {[%emt 0:02:37]} Be6 {[%emt 0:05:16]} 27. b3 {[%emt 0:04:16]} Bd5 {[%emt 0:02:02]} 28. Qf5 {[%emt 0:07:04]} Bxg2 {[%emt 0:00:12]} 29. Kxg2 {[%emt 0:00:13]} Rf6 {[%emt 0:00:37]} 30. Qd3 {[%emt 0:02:12]} a4 {[%emt 0:00:44]} 31. bxa4 {[%emt 0:01:13]} Qxa4 {[%emt 0:00:12]} 32. Qb5 {[%emt 0:00:11]} Qxb5 {[%emt 0:00:28]} 33. Rxb5 {[%emt 0:00:02]} Kf8 {[%emt 0:00:56]} 34. Rc7 {[%emt 0:00:23]} Rb8 {[%emt 0:00:27]} 35. g4 {[%emt 0:00:18]} h6 {[%emt 0:00:38]} 36. h4 {[%emt 0:00:12]} g6 {[%emt 0:00:20]} 37. Re5 {[%emt 0:00:36]} Nc8 {[%emt 0:00:35]} 38. Rb5 {[%emt 0:02:46]} Nd6 {[%emt 0:00:19]} 39. Rb6 {[%emt 0:03:13]} Ne4 {[%emt 0:00:16]} 40. Rxf6 {[%emt 0:00:00]} Nxf6 {[%emt 0:00:00]} 41. Kf3 {[%emt 0:02:03]} Ne8 {[%emt 0:04:58]} 42. Rd7 {[%emt 0:02:06]} Nf6 {[%emt 0:07:43]} 43. Rc7 {[%emt 0:00:35]} Ne8 {[%emt 0:02:46]} 44. Rd7 b5 1/2-1/2

[Event "WYCC 2018 O14"]
[Site "Halkidiki"]
[Date "2018.10.28"]
[Round "9"]
[White "Boulos, Carlos"]
[Black "Galkin, Gleb"]
[Result "0-1"]
[WhiteElo "2003"]
[BlackElo "2134"]
[Annotator "NA"]
[PlyCount "118"]
[EventDate "2018.10.20"]
[EventType "swiss"]
[EventCountry "GRE"]
[SourceTitle "playchess.com"]
[Source "ChessBase"]
[SourceQuality "1"]
[TimeControl "40/5400+30:1800+30"]

1. e4 {[%emt 0:00:00]} e5 {[%emt 0:00:00]} 2. Nf3 {[%emt 0:00:00]} Nc6 {[%emt 0:00:00]} 3. Nc3 {[%emt 0:00:03]} Nf6 {[%emt 0:00:00]} 4. Bb5 {[%emt 0:00:22]} Bb4 {[%emt 0:00:00]} 5. O-O {[%emt 0:00:34]} O-O {[%emt 0:00:00]} 6. d3 {[%emt 0:00:08]} d6 {[%emt 0:00:02]} 7. Bg5 {[%emt 0:00:19]} Ne7 {[%emt 0:00:25]} 8. Nh4 {[%emt 0:01:57]} c6 {[%emt 0:02:33]} 9. Bxf6 {[%emt 0:07:55]} gxf6 {[%emt 0:02:08]} 10. Bc4 {[%emt 0:04:07]} d5 {[%emt 0:10:04]} 11. Bb3 {[%emt 0:01:03]} Bxc3 {[%emt 0:13:00]} 12. bxc3 {[%emt 0:00:16]} dxe4 {[%emt 0:00:18]} 13. dxe4 {[%emt 0:02:28]} Qxd1 {[%emt 0:00:37]} 14. Raxd1 {[%emt 0:00:14]} Ng6 {[%emt 0:01:20]} 15. Nxg6 {[%emt 0:02:08]} hxg6 {[%emt 0:00:08]} 16. Rd6 {[%emt 0:01:00]} Kg7 {[%emt 0:02:40]} 17. f4 {[%emt 0:13:17]} a5 {[%emt 0:05:30]} 18. fxe5 {[%emt 0:06:26]} fxe5 {[%emt 0:00:08]} 19. Bc4 {[%emt 0:06:37]} f5 {[%emt 0:01:56]} 20. h3 {[%emt 0:08:34]} f4 {[%emt 0:10:14]} 21. Kf2 {[%emt 0:05:24]} g5 {[%emt 0:06:38]} 22. Rfd1 {[%emt 0:15:32]} a4 {[%emt 0:08:14]} 23. Be6 {[%emt 0:06:52]} Bxe6 {[%emt 0:07:38]} 24. Rxe6 {[%emt 0:00:00]} Rfd8 {[%emt 0:02:24]} 25. Red6 {[%emt 0:01:11]} Rxd6 {[%emt 0:00:35]} 26. Rxd6 {[%emt 0:00:01]} Ra5 {[%emt 0:00:29]} 27. Kf3 {[%emt 0:06:39]} Rc5 {[%emt 0:01:35]} 28. Rd3 {[%emt 0:04:40]} Kf6 {[%emt 0:00:05]} 29. Kg4 {[%emt 0:00:44]} Rc4 {[%emt 0:02:01]} 30. Rd6+ {[%emt 0:00:29]} Ke7 {[%emt 0:00:04]} 31. Rd2 {[%emt 0:01:57]} Rxc3 {[%emt 0:00:24]} 32. Kxg5 {[%emt 0:00:09]} Ke6 {[%emt 0:00:16]} 33. h4 {[%emt 0:01:08]} Rg3+ {[%emt 0:01:33]} 34. Kh6 {[%emt 0:00:26]} b5 {[%emt 0:04:47]} 35. h5 {[%emt 0:00:47]} c5 {[%emt 0:00:53]} 36. Kh7 {[%emt 0:00:47]} c4 {[%emt 0:01:02]} 37. h6 {[%emt 0:01:27]} c3 {[%emt 0:00:14]} 38. Rd5 {[%emt 0:02:42]} Rxg2 {[%emt 0:08:05]} 39. Rxb5 {[%emt 0:00:13]} f3 {[%emt 0:02:57]} 40. Rb8 {[%emt 0:00:00]} Ke7 {[%emt 0:00:00]} 41. Rb7+ {[%emt 0:02:30]} Kd6 {[%emt 0:19:08]} 42. Rf7 {[%emt 0:02:58]} Kc5 {[%emt 0:02:09]} 43. Rxf3 {[%emt 0:09:56]} Kb4 {[%emt 0:00:14]} 44. a3+ {[%emt 0:03:40]} Kc4 {[%emt 0:01:08]} 45. Kh8 {[%emt 0:02:03]} Rxc2 {[%emt 0:00:51]} 46. h7 {[%emt 0:00:10]} Rh2 {[%emt 0:00:33]} 47. Kg7 {[%emt 0:01:20]} c2 {[%emt 0:01:00]} 48. Rf7 {[%emt 0:02:34]} Kb3 {[%emt 0:02:07]} 49. Rc7 {[%emt 0:01:25]} Kb2 {[%emt 0:00:15]} 50. h8=Q {[%emt 0:03:23]} Rxh8 {[%emt 0:01:16]} 51. Kxh8 {[%emt 0:00:24]} c1=Q {[%emt 0:00:07]} 52. Rxc1 {[%emt 0:00:28]} Kxc1 {[%emt 0:00:03]} 53. Kg7 {[%emt 0:00:05]} Kb2 {[%emt 0:00:04]} 54. Kf6 {[%emt 0:00:10]} Kxa3 {[%emt 0:00:07]} 55. Kxe5 {[%emt 0:00:03]} Kb4 {[%emt 0:00:11]} 56. Kd6 {[%emt 0:00:46]} a3 {[%emt 0:00:05]} 57. e5 {[%emt 0:00:02]} a2 {[%emt 0:00:09]} 58. e6 {[%emt 0:00:07]} a1=Q {[%emt 0:00:07]} 59. e7 {[%emt 0:00:07]} Qa4 {[%emt 0:00:09]} 0-1

[Event "WYCC 2018 O14"]
[Site "Halkidiki"]
[Date "2018.10.28"]
[Round "9"]
[White "Nguyen, Huynh Minh Thien"]
[Black "Kouvidis, Ioannis"]
[Result "1-0"]
[WhiteElo "1996"]
[BlackElo "1896"]
[Annotator "NA"]
[PlyCount "167"]
[EventDate "2018.10.20"]
[EventType "swiss"]
[EventCountry "GRE"]
[SourceTitle "playchess.com"]
[Source "ChessBase"]
[SourceQuality "1"]
[TimeControl "40/5400+30:1800+30"]

1. Nf3 {[%emt 0:00:00]} Nf6 {[%emt 0:00:00]} 2. g3 {[%emt 0:00:00]} g6 {[%emt 0:00:03]} 3. Bg2 {[%emt 0:00:00]} Bg7 {[%emt 0:00:00]} 4. O-O {[%emt 0:00:00]} d6 {[%emt 0:00:00]} 5. d4 {[%emt 0:00:00]} O-O {[%emt 0:00:10]} 6. Re1 {[%emt 0:00:03]} Nbd7 {[%emt 0:00:12]} 7. e4 {[%emt 0:00:06]} e5 {[%emt 0:00:04]} 8. c3 {[%emt 0:00:04]} Re8 {[%emt 0:00:38]} 9. Nbd2 {[%emt 0:00:04]} b6 {[%emt 0:05:57]} 10. Qc2 {[%emt 0:00:18]} Bb7 {[%emt 0:11:36]} 11. a4 {[%emt 0:00:46]} d5 {[%emt 0:14:01]} 12. exd5 {[%emt 0:13:28]} exd4 {[%emt 0:03:49]} 13. Rxe8+ {[%emt 0:01:14]} Qxe8 {[%emt 0:00:23]} 14. c4 {[%emt 0:01:51]} c5 {[%emt 0:07:45]} 15. dxc6 {[%emt 0:10:28]} Bxc6 {[%emt 0:01:13]} 16. Nxd4 {[%emt 0:00:38]} Bxg2 {[%emt 0:06:12]} 17. Kxg2 {[%emt 0:00:28]} Ng4 {[%emt 0:08:47]} 18. N2f3 {[%emt 0:03:53]} Nc5 {[%emt 0:02:55]} 19. h3 {[%emt 0:11:34]} Ne5 {[%emt 0:01:10]} 20. Nxe5 {[%emt 0:00:41]} Bxe5 {[%emt 0:01:07]} 21. Nf3 Qc6 {[%emt 0:11:32]} 22. Be3 {[%emt 0:00:52]} Ne6 {[%emt 0:02:35]} 23. Rd1 {[%emt 0:02:42]} Bf6 {[%emt 0:00:23]} 24. b3 {[%emt 0:01:25]} Bg5 {[%emt 0:04:44]} 25. Bxg5 {[%emt 0:09:21]} Nxg5 {[%emt 0:00:07]} 26. Rd5 {[%emt 0:00:03]} Nxf3 {[%emt 0:00:21]} 27. Kxf3 {[%emt 0:00:02]} a6 {[%emt 0:03:51]} 28. Kg2 {[%emt 0:03:41]} Rc8 {[%emt 0:00:57]} 29. Qd3 {[%emt 0:01:55]} h5 {[%emt 0:02:34]} 30. h4 {[%emt 0:07:28]} Re8 {[%emt 0:01:03]} 31. Kh2 {[%emt 0:00:56]} Qf6 {[%emt 0:00:32]} 32. Qd4 {[%emt 0:00:33]} Qxd4 {[%emt 0:02:14]} 33. Rxd4 {[%emt 0:01:38]} Re6 {[%emt 0:00:02]} 34. Kg2 {[%emt 0:05:21]} a5 {[%emt 0:01:58]} 35. Kf3 {[%emt 0:02:51]} Kf8 {[%emt 0:00:22]} 36. Re4 {[%emt 0:00:43]} Rd6 {[%emt 0:00:19]} 37. Ke3 {[%emt 0:01:34]} Rd1 {[%emt 0:00:43]} 38. Rd4 {[%emt 0:01:44]} Rb1 {[%emt 0:00:02]} 39. Rd3 {[%emt 0:00:00]} Ke7 {[%emt 0:00:00]} 40. Kd4 {[%emt 0:00:00]} Kd6 {[%emt 0:00:00]} 41. Kc3+ {[%emt 0:04:28]} Kc6 {[%emt 0:05:37]} 42. Rf3 {[%emt 0:02:13]} f5 {[%emt 0:00:05]} 43. Rd3 {[%emt 0:02:37]} Rf1 {[%emt 0:01:33]} 44. Rd2 {[%emt 0:00:09]} Rc1+ {[%emt 0:01:24]} 45. Kd4 {[%emt 0:01:17]} Re1 {[%emt 0:01:46]} 46. Rd3 {[%emt 0:02:56]} Re4+ {[%emt 0:00:22]} 47. Kc3 {[%emt 0:00:04]} Re2 {[%emt 0:00:56]} 48. Rd2 {[%emt 0:02:46]} Re1 {[%emt 0:02:41]} 49. b4 {[%emt 0:06:54]} Rc1+ {[%emt 0:02:27]} 50. Kb3 {[%emt 0:01:01]} axb4 {[%emt 0:00:50]} 51. Kxb4 {[%emt 0:00:04]} Rb1+ {[%emt 0:00:35]} 52. Kc3 {[%emt 0:00:05]} Ra1 {[%emt 0:00:18]} 53. Kb3 {[%emt 0:01:05]} Rb1+ {[%emt 0:00:10]} 54. Rb2 {[%emt 0:00:11]} Rc1 {[%emt 0:00:26]} 55. Kb4 {[%emt 0:00:11]} Ra1 {[%emt 0:00:46]} 56. Re2 {[%emt 0:00:40]} Rb1+ {[%emt 0:02:28]} 57. Kc3 {[%emt 0:02:02]} Kd6 {[%emt 0:00:03]} 58. Rb2 {[%emt 0:00:40]} Rc1+ {[%emt 0:00:15]} 59. Kd2 {[%emt 0:00:56]} Rxc4 {[%emt 0:00:06]} 60. Rxb6+ {[%emt 0:00:03]} Ke5 {[%emt 0:03:46]} 61. Rxg6 {[%emt 0:07:08]} Rxa4 {[%emt 0:00:02]} 62. Ke2 {[%emt 0:00:24]} f4 {[%emt 0:04:03]} 63. Kf3 {[%emt 0:13:52]} Ra3+ {[%emt 0:00:51]} 64. Kg2 {[%emt 0:00:02]} f3+ {[%emt 0:00:42]} 65. Kh3 {[%emt 0:00:09]} Ra2 {[%emt 0:05:42]} 66. Rg5+ {[%emt 0:00:01]} Kf6 {[%emt 0:00:07]} 67. Rxh5 {[%emt 0:00:02]} Rxf2 {[%emt 0:00:08]} 68. Kg4 {[%emt 0:00:40]} Kg6 {[%emt 0:02:23]} 69. Rg5+ {[%emt 0:00:21]} Kh6 {[%emt 0:00:06]} 70. Rf5 {[%emt 0:00:05]} Kg6 {[%emt 0:00:26]} 71. Rxf3 {[%emt 0:00:42]} Ra2 {[%emt 0:00:10]} 72. h5+ {[%emt 0:01:03]} Kh6 {[%emt 0:00:03]} 73. Rf6+ {[%emt 0:00:06]} Kg7 {[%emt 0:00:01]} 74. Rb6 {[%emt 0:00:39]} Ra4+ {[%emt 0:00:09]} 75. Kg5 {[%emt 0:00:05]} Ra5+ {[%emt 0:00:19]} 76. Kh4 {[%emt 0:00:01]} Ra1 {[%emt 0:00:39]} 77. g4 {[%emt 0:00:04]} Rc1 {[%emt 0:00:16]} 78. Rb7+ {[%emt 0:01:27]} Kf6 {[%emt 0:00:13]} 79. Rb6+ {[%emt 0:00:18]} Kg7 {[%emt 0:00:05]} 80. h6+ {[%emt 0:00:31]} Kh7 {[%emt 0:00:15]} 81. Kh5 {[%emt 0:00:02]} Rc5+ {[%emt 0:02:39]} 82. g5 {[%emt 0:00:20]} Ra5 {[%emt 0:00:31]} 83. Rb7+ {[%emt 0:00:07]} Kh8 {[%emt 0:00:11]} 84. Re7 {[%emt 0:00:48]} 1-0

[Event "WYCC 2018 O14"]
[Site "Halkidiki"]
[Date "2018.10.28"]
[Round "9"]
[White "Chatzieleftheriou, Andreas"]
[Black "Turgut, Aydin"]
[Result "1/2-1/2"]
[WhiteElo "1984"]
[BlackElo "2156"]
[Annotator "NA"]
[PlyCount "139"]
[EventDate "2018.10.20"]
[EventType "swiss"]
[EventCountry "GRE"]
[SourceTitle "playchess.com"]
[Source "ChessBase"]
[SourceQuality "1"]
[TimeControl "40/5400+30:1800+30"]

1. e4 e5 {[%emt 0:00:00]} 2. Nf3 {[%emt 0:00:00]} Nc6 {[%emt 0:00:00]} 3. Bb5 {[%emt 0:00:00]} a6 {[%emt 0:00:00]} 4. Bxc6 {[%emt 0:00:00]} dxc6 {[%emt 0:00:00]} 5. Nc3 {[%emt 0:00:01]} f6 {[%emt 0:03:53]} 6. d4 exd4 {[%emt 0:00:09]} 7. Qxd4 {[%emt 0:00:23]} Qxd4 {[%emt 0:00:07]} 8. Nxd4 {[%emt 0:00:04]} Bd6 {[%emt 0:00:08]} 9. Be3 {[%emt 0:00:29]} Ne7 {[%emt 0:02:15]} 10. O-O-O {[%emt 0:05:18]} O-O {[%emt 0:04:08]} 11. Nb3 {[%emt 0:16:00]} Re8 {[%emt 0:13:52]} 12. Bc5 {[%emt 0:11:49]} Bf4+ {[%emt 0:09:03]} 13. Kb1 {[%emt 0:01:43]} Ng6 {[%emt 0:04:48]} 14. f3 {[%emt 0:09:29]} Ne5 {[%emt 0:14:09]} 15. Bf2 {[%emt 0:06:10]} Nc4 {[%emt 0:03:38]} 16. Bg3 {[%emt 0:03:37]} Bxg3 {[%emt 0:04:13]} 17. hxg3 {[%emt 0:00:02]} b6 {[%emt 0:02:45]} 18. g4 {[%emt 0:07:03]} h6 {[%emt 0:04:41]} 19. Rhe1 {[%emt 0:04:12]} Kf7 {[%emt 0:02:57]} 20. Nc1 {[%emt 0:01:51]} Be6 {[%emt 0:02:12]} 21. b3 {[%emt 0:02:51]} Ne5 {[%emt 0:02:45]} 22. Nd3 {[%emt 0:02:08]} a5 {[%emt 0:05:49]} 23. Nxe5+ {[%emt 0:03:28]} fxe5 {[%emt 0:01:23]} 24. Rd2 {[%emt 0:05:48]} Kf6 {[%emt 0:02:35]} 25. a4 {[%emt 0:02:11]} Rab8 {[%emt 0:03:52]} 26. Kc1 {[%emt 0:00:49]} Rh8 {[%emt 0:00:08]} 27. g3 {[%emt 0:01:25]} Ke7 {[%emt 0:05:39]} 28. Re3 {[%emt 0:01:04]} Rbf8 {[%emt 0:00:22]} 29. Nd1 {[%emt 0:02:25]} h5 {[%emt 0:03:33]} 30. gxh5 {[%emt 0:01:57]} Rxh5 {[%emt 0:00:07]} 31. Nf2 {[%emt 0:00:38]} Bc8 {[%emt 0:02:40]} 32. Nd3 {[%emt 0:01:17]} Rd8 {[%emt 0:02:28]} 33. Rf2 {[%emt 0:03:51]} Ba6 {[%emt 0:00:52]} 34. f4 {[%emt 0:01:32]} Bxd3 {[%emt 0:00:04]} 35. cxd3 {[%emt 0:00:10]} Rf8 {[%emt 0:00:41]} 36. Ref3 {[%emt 0:00:39]} Rh1+ {[%emt 0:00:59]} 37. Kc2 {[%emt 0:00:35]} exf4 {[%emt 0:00:43]} 38. gxf4 {[%emt 0:00:47]} Rg1 {[%emt 0:00:16]} 39. f5 {[%emt 0:02:39]} Kd6 {[%emt 0:01:00]} 40. f6 {[%emt 0:00:00]} gxf6 {[%emt 0:00:00]} 41. Rxf6+ {[%emt 0:04:21]} Rxf6 {[%emt 0:02:22]} 42. Rxf6+ {[%emt 0:00:13]} Kc5 {[%emt 0:05:34]} 43. Rf7 {[%emt 0:06:25]} Kb4 {[%emt 0:07:57]} 44. Rxc7 {[%emt 0:02:02]} Rg2+ {[%emt 0:00:07]} 45. Kd1 {[%emt 0:00:46]} c5 {[%emt 0:02:04]} 46. Rc6 {[%emt 0:09:40]} Kxb3 {[%emt 0:10:05]} 47. Rxb6+ {[%emt 0:00:55]} Kc3 {[%emt 0:00:01]} 48. Rd6 {[%emt 0:01:01]} Rd2+ {[%emt 0:01:23]} 49. Kc1 {[%emt 0:02:58]} c4 {[%emt 0:03:01]} 50. Rd5 {[%emt 0:03:52]} Re2 {[%emt 0:02:45]} 51. Kd1 {[%emt 0:01:36]} cxd3 {[%emt 0:00:08]} 52. Rxa5 {[%emt 0:04:25]} Rh2 {[%emt 0:00:42]} 53. Rc5+ {[%emt 0:00:24]} Kd4 {[%emt 0:00:03]} 54. Rg5 {[%emt 0:00:41]} Rh1+ {[%emt 0:01:10]} 55. Kd2 {[%emt 0:00:12]} Rh2+ {[%emt 0:00:01]} 56. Kd1 {[%emt 0:00:04]} Ra2 {[%emt 0:00:57]} 57. a5 {[%emt 0:00:32]} Ra1+ {[%emt 0:00:17]} 58. Kd2 {[%emt 0:00:06]} Ra2+ {[%emt 0:00:02]} 59. Kd1 {[%emt 0:00:02]} Kc4 {[%emt 0:00:59]} 60. Rd5 {[%emt 0:00:36]} Kc3 {[%emt 0:00:50]} 61. Rc5+ {[%emt 0:00:09]} Kd4 {[%emt 0:00:03]} 62. Rh5 {[%emt 0:00:15]} Kxe4 {[%emt 0:00:35]} 63. Rh4+ {[%emt 0:00:57]} Ke3 {[%emt 0:00:09]} 64. Rh3+ {[%emt 0:00:03]} Kd4 {[%emt 0:00:03]} 65. Rh8 {[%emt 0:00:09]} Rxa5 {[%emt 0:01:16]} 66. Rd8+ {[%emt 0:00:05]} Ke4 {[%emt 0:00:13]} 67. Re8+ {[%emt 0:00:04]} Re5 {[%emt 0:00:42]} 68. Rxe5+ {[%emt 0:00:12]} Kxe5 {[%emt 0:00:03]} 69. Kd2 {[%emt 0:00:05]} Kd4 {[%emt 0:00:04]} 70. Kd1 {[%emt 0:00:09]} 1/2-1/2

[Event "WYCC 2018 O14"]
[Site "Halkidiki"]
[Date "2018.10.28"]
[Round "9"]
[White "Gaal, Zsoka"]
[Black "Muntean, Victor"]
[Result "1-0"]
[WhiteElo "1976"]
[BlackElo "1876"]
[Annotator "NA"]
[PlyCount "83"]
[EventDate "2018.10.20"]
[EventType "swiss"]
[EventCountry "GRE"]
[SourceTitle "playchess.com"]
[Source "ChessBase"]
[SourceQuality "1"]
[TimeControl "40/5400+30:1800+30"]

1. d4 {[%emt 0:00:00]} Nf6 {[%emt 0:00:00]} 2. Nf3 {[%emt 0:00:00]} g6 {[%emt 0:00:00]} 3. g3 {[%emt 0:00:11]} Bg7 {[%emt 0:00:00]} 4. Bg2 {[%emt 0:00:10]} O-O {[%emt 0:00:00]} 5. O-O {[%emt 0:00:14]} d6 {[%emt 0:00:14]} 6. b3 {[%emt 0:00:47]} c5 {[%emt 0:00:20]} 7. c4 {[%emt 0:02:07]} Nc6 {[%emt 0:03:22]} 8. Bb2 {[%emt 0:01:28]} a6 {[%emt 0:08:18]} 9. d5 {[%emt 0:06:47]} Na5 {[%emt 0:05:23]} 10. Nbd2 {[%emt 0:05:37]} b5 {[%emt 0:09:01]} 11. Rc1 {[%emt 0:07:22]} e6 {[%emt 0:08:08]} 12. dxe6 {[%emt 0:07:10]} fxe6 {[%emt 0:01:54]} 13. Bc3 {[%emt 0:17:16]} Bb7 {[%emt 0:04:08]} 14. Ng5 {[%emt 0:06:11]} Bxg2 {[%emt 0:02:35]} 15. Nxe6 {[%emt 0:05:26]} Qe7 {[%emt 0:03:43]} 16. Kxg2 {[%emt 0:06:49]} Nxb3 {[%emt 0:05:55]} 17. Nxf8 {[%emt 0:08:37]} Nxc1 {[%emt 0:00:10]} 18. Bxf6 {[%emt 0:03:41]} Qxf6 {[%emt 0:03:31]} 19. Nxh7 {[%emt 0:03:35]} Kxh7 {[%emt 0:04:01]} 20. Qxc1 {[%emt 0:00:22]} bxc4 {[%emt 0:03:44]} 21. Qxc4 {[%emt 0:02:59]} Qd4 {[%emt 0:02:00]} 22. Qxd4 {[%emt 0:02:09]} Bxd4 {[%emt 0:00:18]} 23. e3 {[%emt 0:00:21]} Bf6 {[%emt 0:03:19]} 24. Rb1 {[%emt 0:02:25]} Ra7 {[%emt 0:06:27]} 25. e4 {[%emt 0:04:06]} Bd8 {[%emt 0:03:26]} 26. Nc4 {[%emt 0:01:09]} Bc7 {[%emt 0:00:50]} 27. f4 {[%emt 0:02:04]} Kg7 {[%emt 0:00:22]} 28. Kf3 {[%emt 0:01:00]} Kf7 {[%emt 0:01:43]} 29. g4 {[%emt 0:00:58]} Ke6 {[%emt 0:01:03]} 30. f5+ {[%emt 0:00:50]} gxf5 {[%emt 0:00:11]} 31. gxf5+ {[%emt 0:00:14]} Kd7 {[%emt 0:02:35]} 32. h4 {[%emt 0:01:49]} Ra8 {[%emt 0:00:39]} 33. h5 {[%emt 0:01:32]} Kc6 {[%emt 0:01:33]} 34. Ne3 {[%emt 0:00:32]} Rh8 {[%emt 0:01:39]} 35. Rh1 {[%emt 0:00:12]} Bd8 {[%emt 0:03:32]} 36. Nd5 {[%emt 0:01:09]} c4 {[%emt 0:01:23]} 37. h6 {[%emt 0:00:18]} Rh7 {[%emt 0:01:01]} 38. Kg4 {[%emt 0:00:32]} Kd7 {[%emt 0:00:45]} 39. Kh5 {[%emt 0:00:30]} Rh8 {[%emt 0:01:05]} 40. Kg6 {[%emt 0:00:00]} Rg8+ {[%emt 0:00:00]} 41. Kf7 {[%emt 0:02:40]} Rh8 {[%emt 0:02:58]} 42. Kg7 {[%emt 0:03:19]} 1-0

[Event "WYCC 2018 O14"]
[Site "Halkidiki"]
[Date "2018.10.28"]
[Round "9"]
[White "Ngo, Duc Tri"]
[Black "Lopez Varela, Pablo"]
[Result "1-0"]
[WhiteElo "1883"]
[BlackElo "2172"]
[Annotator "TA"]
[PlyCount "57"]
[EventDate "2018.10.20"]
[EventType "swiss"]
[EventCountry "GRE"]
[SourceTitle "playchess.com"]
[Source "ChessBase"]
[SourceQuality "1"]

{[%evp 9,57,0,12,0,39,17,24,21,56,56,50,56,60,50,60,49,59,12,71,45,63,62,70,40,254,276,477,485,476,466,766,753,722,708,763,758,714,684,849,754,932,988,1547,1454,1920,1710,2415,2425,29989,29990]} 1. b4 e5 2. Bb2 d6 3. e3 g6 4. d4 Nd7 5. Nf3 Bg7 6. c4 {A00: Irregular Openings} Qe7 7. Be2 Ngf6 8. O-O {White has an edge.} e4 9. Nfd2 $1 O-O 10. Nc3 Re8 11. Qb3 $146 ({Predecessor:} 11. b5 Nf8 12. a4 h5 13. Ba3 Bf5 14. c5 dxc5 15. Bxc5 Qd8 16. a5 N6d7 17. Nb3 {0-1 (43) Farleigh,R-Al Modiahki,M (2370) Moscow 1994}) 11... Nf8 12. Rae1 h5 13. c5 N8h7 (13... Be6 $11 14. Nc4 d5) 14. Bc4 Bf5 15. f3 $36 {[%mdl 2048] White is more active.} exf3 16. Nxf3 {[%cal Bd2f3,Bf3h4,Bh4g6,Bg6e7,Be7f5][%mdl 32]} ({Reject} 16. Rxf3 $6 dxc5 17. bxc5 c6 $11) 16... Qf8 $2 {[#]} ({Black should try} 16... Rad8 $14) 17. Nh4 $18 Ng5 $2 (17... Bh6 {keeps fighting.} 18. Nxf5 gxf5) 18. Rxf5 (18. Nxf5 gxf5 19. Rxf5 Nge4 $18) 18... gxf5 19. Ng6 Rxe3 (19... d5 $142) 20. Rxe3 ({Weaker is} 20. Nxf8 Rxe1+ 21. Bf1 (21. Kf2 $2 Rae8 $17) 21... Kxf8 $17) 20... Qd8 21. Ne7+ Kh8 22. Nxf5 Ng4 23. Re1 Qf6 24. Qc2 Rg8 25. Nd5 Nh3+ 26. gxh3 Ne3 27. Ndxe3 Bh6+ 28. Kh1 Bxe3 29. d5 {Precision: White = 61%, Black = 20%.} 1-0